| 000 | 00687nam a2200157 i 4500 | ||
|---|---|---|---|
| 001 | 159110 | ||
| 003 | ES-MaACL | ||
| 005 | 20230906211441.0 | ||
| 008 | 040913s1883 sp c |||| | spa d | ||
| 040 |
_aCAM _bspa _cCAM |
||
| 100 | 1 |
_aMasiá Lucas, Hugolino. _9129696 |
|
| 245 | 1 | 0 |
_aCartas sobre los sucesos acaecidos en Egipto durante el período de la última guerra / _cescritas pr el P. Hugolino Masiá Lucas, M.O. |
| 260 |
_aBarcelona : _bImprenta de Jaime Jepús, _c1883. |
||
| 300 |
_a230 p., [11] h. de lám. ; _c21 cm. |
||
| 852 |
_aES-MaACL _jD-609 _z-- Enc. piel conservando la cub. original _z-- Legado de M. De La Fuente _z-- Ded. ms. del autor al Conde de Torrematas, 1883 |
||
| 999 |
_c159110 _d159110 |
||